000 00966nam a22002657a 4500
003 BD-DhSAU
005 20181206150323.0
008 161006b2016 bg ad||| |||| 00| 0 eng d
040 _aBD-DhSAU
082 _222
_a630
_bB4106
100 _a Belayet, Sumya Binta
_4Registration No:10-04082
245 _aEffect of Polythene mulch and irrigation frequency on growth and yield of white Maize /
_cBelayet, Sumya Binta
_bMs Thesis
260 _aDhaka : Sher- e- Bangla Agricultural University :
_bDepartment of Agronomy ,
_c2016
300 _axi, 83 p. :
_bill. ;
_c30 cm.
504 _aIncludes bibliographical references.
590 _aShofi
650 _aAgronomy
650 _a Polythene
650 _aIrrigation
650 _a White Maize
700 _a Ullah,Md. Jafar
_4Supervisor
700 _a Baque,Md. Abdullahil
_4Co-Supervisor
856 _uhttp://archive.saulibrary.edu.bd:8080/xmlui/handle/123456789/576
_yOnline Access
942 _2ddc
_cTHESIS
999 _c14051
_d14050